[Event "Aeroflot Open"]
[Site "Moscow RUS"]
[Date "2004.02.23"]
[Round "7"]
[White "Felgaer,R"]
[Black "Rublevsky,S"]
[Result "0-1"]
[WhiteElo "2554"]
[BlackElo "2655"]

1.e4 c5 2.Nf3 e6 3.d4 cxd4 4.Nxd4 a6 5.Nc3 Qc7 6.g3 Nf6 7.Bg2 Be7 8.O-O d6
9.a4 Nc6 10.Nb3 b6 11.f4 Bb7 12.Be3 O-O 13.g4 Rfe8 14.g5 Nd7 15.Rf3 Nb4 16.Rh3 g6
17.Qd2 Bf8 18.Rf1 Rac8 19.Qf2 Bg7 20.Nd4 f5 21.gxf6 Nxf6 22.Qh4 Qe7 23.Rf2 Nh5
24.Qg4 Rc4 25.e5 Bxg2 26.Rxg2 dxe5 27.fxe5 Qd7 28.Rd2 Nc6 29.Ne4 Nxe5 30.Qd1 Qd5
31.Ng5 Qa8 32.b3 Rc3 33.Ndxe6 Bf6 34.Rd5 Bxg5 35.Nxg5 Qc8 36.Qd4 Qg4+ 37.Rg3 Nxg3
38.Rxe5 Ne2+ 39.Kh1 Nxd4 40.Rxe8+ Kg7 41.Bxd4+ Qxd4 42.Ne6+ Kf7  0-1

[Event "II GM-Tage"]
[Site "Pulvermuehle GER"]
[Date "2004.02.23"]
[Round "6"]
[White "Conquest,S"]
[Black "Prusikin,M"]
[Result "1/2-1/2"]
[WhiteElo "2543"]
[BlackElo "2519"]

1.e4 c5 2.Nf3 e6 3.Nc3 a6 4.d4 cxd4 5.Nxd4 Nc6 6.Nxc6 bxc6 7.Bd3 d5 8.O-O Qc7
9.Qe2 Bb7 10.f4 Nf6 11.Bd2 Be7 12.Rae1 dxe4 13.Nxe4 Nxe4 14.Bxe4 O-O 15.f5 exf5
16.Rxf5 g6 17.Rf3 Bd6 18.h3 Rfe8 19.Qc4 Rxe4 20.Rxe4 c5 21.Ba5 Qd7 22.Rd3 Bxe4
23.Qxe4 Rc8 24.Bc3 c4 25.Rd5 Qe7 26.Qxe7 Bxe7 27.Kf2 Rc5 28.Rxc5 Bxc5+ 29.Kf3 f5
30.Kf4 Bd6+ 31.Ke3 Bc5+ 32.Kf4 Bd6+ 33.Ke3 Bc5+ 34.Bd4 Bd6 35.Kd2 Bb4+ 36.Bc3 Bd6
37.Bd4 Bb4+  1/2-1/2

[Event "5th Montenegro Open"]
[Site "Sozina SCG"]
[Date "2004.02.24"]
[Round "7"]
[White "Brenjo,S"]
[Black "Markus,R"]
[Result "1/2-1/2"]
[WhiteElo "2457"]
[BlackElo "2527"]

1.e4 c5 2.Nf3 e6 3.d4 cxd4 4.Nxd4 a6 5.Nc3 b5 6.Bd3 d6 7.O-O Nf6 8.f4 Bb7
9.Be3 Nbd7 10.a3 Be7 11.Qf3 Nc5 12.Rae1 O-O 13.Qh3 Qd7 14.Bf2 Nxd3 15.cxd3 Rac8
16.g4 h6 17.g5 hxg5 18.fxg5 Nh7 19.g6 Ng5 20.Qg4 fxg6 21.Be3 Bf6 22.Nd5 Bxd4
23.Bxd4 Nf3+ 24.Rxf3 Rxf3 25.Qxf3 exd5 26.exd5 Rf8 27.Qe4 Qf7 28.Qe6 Bxd5
29.Qxf7+ Rxf7 30.Re8+ Rf8  1/2-1/2

[Event "5th Montenegro Open"]
[Site "Sozina SCG"]
[Date "2004.02.25"]
[Round "8"]
[White "Krivokapic,M"]
[Black "Nestorovic,De"]
[Result "1-0"]
[WhiteElo "2310"]
[BlackElo "2401"]

1.e4 c5 2.Nf3 e6 3.d4 cxd4 4.Nxd4 a6 5.Nc3 b5 6.Bd3 Bb7 7.O-O Qc7 8.Qe2 Nc6
9.Nxc6 Qxc6 10.Be3 Nf6 11.f3 Bb4 12.a4 Bxc3 13.axb5 axb5 14.Rxa8+ Bxa8 15.Bxb5 Qc7
16.bxc3 Qxc3 17.Rd1 Bc6 18.Bd4 Bxb5 19.Qxb5 Qxc2 20.Qb8+ Ke7 21.Qb4+ d6 22.Ra1 Rc8
23.e5 Ne8 24.exd6+ Nxd6 25.Be5 Rc6 26.Bxd6+  1-0

[Event "ch-CZE w"]
[Site "Karlovy Vary CZE"]
[Date "2004.02.26"]
[Round "8"]
[White "Rerabkova,L"]
[Black "Herberova,H"]
[Result "1/2-1/2"]
[WhiteElo "2020"]
[BlackElo "2049"]

1.e4 c5 2.Nf3 e6 3.d4 cxd4 4.Nxd4 a6 5.Nc3 Qc7 6.Bd3 Nf6 7.O-O Be7 8.Kh1 Nc6
9.Nxc6 dxc6 10.f4 Bd7 11.Be3 c5 12.e5 Nd5 13.Bd2 Bc6 14.Ne4 Nb4 15.Bxb4 cxb4
16.Qg4 Bxe4 17.Bxe4 g6 18.Rad1 a5 19.Qf3 Rb8 20.Qb3 b6 21.Rd3 Rd8 22.Qa4+ Kf8
23.Rfd1 Kg7 24.Qc6 Qxc6 25.Bxc6 Rxd3 26.cxd3 Rd8 27.d4 f6 28.b3 g5 29.g3 Bc5
30.exf6+ Kxf6 31.fxg5+ Kxg5 32.d5 exd5 33.Rxd5+ Rxd5 34.Bxd5  1/2-1/2

[Event "Open"]
[Site "Jersey JCI"]
[Date "2004.02.27"]
[Round "6"]
[White "Wojciechowski,Pa"]
[Black "Gwaze,R"]
[Result "0-1"]
[WhiteElo "2159"]
[BlackElo "2345"]

1.e4 c5 2.Nf3 e6 3.d4 cxd4 4.Nxd4 a6 5.Nc3 Qc7 6.Bd3 Nf6 7.O-O d6 8.f4 b5
9.Kh1 Bb7 10.a3 h5 11.f5 e5 12.Nf3 Nbd7 13.Ng5 Nc5 14.Be3 Rd8 15.Nd5 Bxd5
16.exd5 Rc8 17.Rc1 Nxd3 18.Qxd3 Qc4 19.Qxc4 bxc4 20.Rfd1 Be7 21.a4 Ng4  0-1

[Event "ch-CZE w"]
[Site "Karlovy Vary CZE"]
[Date "2004.02.27"]
[Round "9"]
[White "Folkova,M"]
[Black "Hitzgerova,G"]
[Result "0-1"]
[WhiteElo "2182"]
[BlackElo "2190"]

1.e4 c5 2.Nf3 e6 3.d4 cxd4 4.Nxd4 a6 5.Nc3 Qc7 6.Be2 Nf6 7.O-O d6 8.f4 Be7
9.Kh1 O-O 10.a4 Nc6 11.Be3 Re8 12.Bf3 Rb8 13.g4 Nxd4 14.Bxd4 e5 15.fxe5 dxe5
16.Ba7 Ra8 17.g5 Rd8 18.Qe2 Ne8 19.Qf2 Rxa7 20.Bh5 Bc5 21.Bxf7+ Kh8 22.Qh4 Qe7
23.Nd5 Rxd5 24.exd5 a5 25.Qh5 Ra6 26.d6 Rxd6 27.Bxe8 g6 28.Qh6 Bf5 29.Rxf5 gxf5
30.g6 b6 31.h3 Qb7+ 32.Kh2 Qg7 33.Qg5 hxg6 34.Rf1 e4 35.Bb5 e3 36.Bd3 Qe5+
37.Rf4 Kg7 38.Kg2 e2 39.Rh4 Be3 40.Re4 Qxe4+  0-1

[Event "ch-BRA"]
[Site "Rio de Janeiro BRA"]
[Date "2004.02.27"]
[Round "3"]
[White "Marra,E"]
[Black "Disconzi da Silva,R"]
[Result "0-1"]
[WhiteElo "2129"]
[BlackElo "2367"]

1.e4 c5 2.Nf3 e6 3.d4 cxd4 4.Nxd4 a6 5.Nc3 Qc7 6.Bd3 Nc6 7.Nb3 Nf6 8.O-O b5
9.Be3 d6 10.f4 Be7 11.Qf3 Bb7 12.Qh3 h5 13.Kh1 Ng4 14.Bg1 g6 15.Rad1 Bf6
16.Bxb5 axb5 17.Nxb5 Qb8 18.e5 dxe5 19.fxe5 Ncxe5 20.Rxf6 Nxf6 21.Bc5 Neg4
22.Rf1 Ne4 23.Bg1 Bd5  0-1

[Event "TCh-SWE 2003-4"]
[Site "Goteborg SWE"]
[Date "2004.02.28"]
[Round "8"]
[White "Bergstrom,C"]
[Black "Lindberg,Be"]
[Result "1-0"]
[WhiteElo "2420"]
[BlackElo "2422"]

1.e4 c5 2.Nf3 e6 3.d4 cxd4 4.Nxd4 a6 5.Nc3 b5 6.Bd3 Bb7 7.O-O Nc6 8.Nxc6 dxc6
9.e5 Ne7 10.Bg5 Qc7 11.Qh5 Nd5 12.Ne4 c5 13.c3 Qxe5 14.f4 Qc7 15.f5 e5 16.a4 c4
17.Bc2 Bc5+ 18.Kh1 Be3 19.axb5 axb5 20.Rxa8+ Bxa8 21.Ra1 Bc6 22.f6 g6 23.Qh6 Bxg5
24.Nxg5 Nf4 25.Be4 Bxe4 26.Nxe4 Qc6 27.Qg7 Rf8 28.Ra7 Ne6 29.Re7+ Kd8 30.Rxe6  1-0

[Event "1st Chiuso It"]
[Site "Rome ITA"]
[Date "2004.03.12"]
[Round "7"]
[White "Tomescu,V"]
[Black "Tribuiani,R"]
[Result "0-1"]
[WhiteElo "2419"]
[BlackElo "2099"]

1.e4 e6 2.d4 c5 3.Nf3 cxd4 4.Nxd4 a6 5.Nc3 Qc7 6.Be3 Nf6 7.f3 Bb4 8.Ne2 d5
9.a3 Bc5 10.Bxc5 Qxc5 11.exd5 exd5 12.Qd4 Qb6 13.Ne4 Nxe4 14.fxe4 Be6 15.Qxg7 Rf8
16.O-O-O Nd7 17.exd5 Bf5 18.Nd4 Bg6 19.Bd3 O-O-O 20.Bxg6 hxg6 21.Nf3 Nf6
22.Kb1 Nxd5 23.c4 Qf6 24.Qxf6 Nxf6 25.Rxd8+ Kxd8 26.Re1 Nd7 27.Kc2 Nc5 28.Ng5 f6
29.Nf3 a5 30.b4 axb4 31.axb4 Na6 32.Kc3 Nc7 33.c5 Kd7 34.Kc4 Ra8 35.Kb3 Nb5
36.Rd1+ Kc7 37.Nd4 Ra3+ 38.Kc4 Nxd4 39.Rxd4 Ra2 40.Rg4 g5 41.Kb5 Rd2 42.h4 gxh4
43.Rg7+ Rd7 44.Rxd7+ Kxd7 45.Kb6 Kc8 46.c6 f5  0-1

[Event "TCh-SWE 2003-4"]
[Site "Goteborg SWE"]
[Date "2004.03.13"]
[Round "10"]
[White "Nygren,K"]
[Black "Johansson,Th1"]
[Result "1-0"]
[WhiteElo "2249"]
[BlackElo "2237"]

1.e4 c5 2.Nf3 e6 3.d4 cxd4 4.Nxd4 a6 5.Nc3 Qc7 6.Be2 b5 7.O-O Bb7 8.Be3 Nc6
9.Re1 Nf6 10.Bf3 Ne5 11.Bf4 d6 12.a4 b4 13.Na2 Be7 14.Nxb4 a5 15.Nb5 Qb8
16.Nd3 Ba6 17.c4 Nfd7 18.Rc1 O-O 19.Nxe5 Nxe5 20.Be2 Bxb5 21.cxb5 Bd8 22.Rc3 Bb6
23.Qd2 Rd8 24.Rd1 Ra7 25.Be3 Rad7 26.f4 Ng6 27.Rc6 Bxe3+ 28.Qxe3 d5 29.e5 d4
30.Qe4 d3 31.Rxd3 Rxd3 32.Bxd3 Nxf4 33.Qxh7+ Kf8 34.Qh8+ Ke7 35.Qh4+ Ke8
36.Qxf4 Rxd3 37.h3 Rd1+ 38.Kh2 Rd5 39.Rd6 f6 40.Rxe6+ Kf7 41.Rxf6+ gxf6 42.Qxf6+  1-0

[Event "Dos Hermanas Internet Final"]
[Site "ICC INT"]
[Date "2004.03.13"]
[Round "1.2"]
[White "Movsesian,S"]
[Black "Fancsy,I"]
[Result "1/2-1/2"]
[WhiteElo "2639"]
[BlackElo "2403"]

1.e4 c5 2.Nf3 e6 3.Nc3 a6 4.d4 cxd4 5.Nxd4 Qc7 6.Bd3 Nf6 7.O-O Bc5 8.Nb3 Be7
9.f4 d6 10.Qf3 b5 11.Kh1 Bb7 12.Bd2 O-O 13.Rae1 Nc6 14.Qh3 Rfe8 15.a4 bxa4
16.Nxa4 Rab8 17.Bc3 Nd7 18.e5 Nf8 19.exd6 Bxd6 20.Nac5 Ne7 21.Nxb7 Rxb7 22.Bxa6 Ra7
23.Bd3 Nd5 24.Bd4 Nxf4 25.Qg4 f5 26.Qf3 Raa8 27.Bb5 Red8 28.c4 N4g6 29.Qh3 e5
30.Bg1 Bb4 31.Rc1 f4 32.c5 Kh8 33.Bc4 e4 34.Qf5 Re8 35.Qd5 Ne6 36.Qxe4 Nxc5
37.Qf5 Re5 38.Qh3 Qe7 39.Nd4 Qf6 40.Nf3 Rf5 41.Bd4 Qf8 42.Nh4 Nxh4 43.Qxh4 Re8
44.Qh3 Ne6 45.Bxe6 Rxe6 46.Rc8 Qxc8 47.Qxf5 Qe8 48.Qxf4 Be7 49.h3 h6 50.Bc3 Bg5
51.Qf8+ Qxf8 52.Rxf8+ Kh7 53.Rf7 Rg6 54.g3 h5 55.g4 hxg4 56.Rxg7+ Rxg7 57.Bxg7 Kxg7
58.hxg4  1/2-1/2

[Event "14th Asian Cities"]
[Site "Tagaytay City PHI"]
[Date "2004.03.22"]
[Round "2"]
[White "Mallahi,A"]
[Black "Yu Shaoteng"]
[Result "0-1"]
[WhiteElo "2378"]
[BlackElo "2490"]

1.e4 c5 2.Nf3 e6 3.d4 cxd4 4.Nxd4 a6 5.Nc3 b5 6.Bd3 d6 7.a4 b4 8.Na2 e5 9.Nb3 Nc6
10.Bd2 Qb6 11.O-O Be6 12.a5 Qb7 13.Qe1 Rb8 14.Qe2 Ra8 15.Bc4 Nf6 16.c3 bxc3
17.Nxc3 Bxc4 18.Qxc4 Rc8 19.Qa4 Be7 20.Nd5 O-O 21.Nb6 Rb8 22.Bg5 h6 23.Bxf6 Bxf6
24.Nd2 Rfd8 25.Ndc4 Ne7 26.Ne3 Bg5 27.Ned5 Nxd5 28.exd5 f5 29.Ra3 e4 30.Rc3 Bd2
31.Rc6 Qf7 32.Rd1 e3 33.fxe3 Bxe3+ 34.Kh1 Qh5 35.Rf1 Qe2 36.Qd1 Qb5 37.Nc4 Bc5
38.Qc2 Re8 39.h3 Re4 40.b3 Qb4 41.Kh2 Rbe8 42.Rc7 Qb8 43.Rc6 Qd8 44.Rc1 Re1
45.Rxc5 dxc5  0-1

[Event "TCh-BEL 2003-4"]
[Site "Belgium BEL"]
[Date "2004.03.23"]
[Round "11"]
[White "Saiboulatov,D"]
[Black "Lemmers,O"]
[Result "0-1"]
[WhiteElo "2366"]
[BlackElo "2379"]

1.e4 c5 2.Nf3 e6 3.d4 cxd4 4.Nxd4 a6 5.Nc3 Qc7 6.g3 Bb4 7.Ne2 Be7 8.Bg2 d6
9.a4 b6 10.Be3 Nd7 11.O-O Bb7 12.h3 Ngf6 13.g4 Ne5 14.b3 O-O 15.f4 Nc6 16.g5 Nd7
17.Qd2 Nb4 18.f5 Rfe8 19.f6 Bf8 20.Nd4 g6 21.Nce2 Nc6 22.Rf2 Rad8 23.c4 Nxd4
24.Bxd4 d5 25.cxd5 exd5 26.exd5 Nc5 27.Qc2 a5 28.Nc3 Qg3 29.Rf3 Qxg5 30.Bf2 Bd6
31.Rd1 Bc8 32.Nb5 Bb8 33.d6 Bd7 34.Nc7 Re5 35.h4 Qh5 36.Bg3 Bg4 37.Rdf1 Re4
38.R3f2 Rd4 39.Nb5 Rd3 40.Bh2 Qxh4 41.Qc4 Qh5 42.Nc7 R3xd6 43.Bxd6 Rxd6 44.Re1 Rd8
45.Rd2 Rf8 46.Re7 Bxc7 47.Rxc7 Qh6 48.Rf2 Be6 49.Qd4 Bxb3 50.Qd6 Be6 51.Qxb6 Nd3
52.Rf1 Nf4 53.Qxa5 Nxg2 54.Qe5 Ne3 55.Rf3 Ng4 56.Qf4 Qh5 57.Rc2 Qa5 58.Rb2 h5
59.Rb5 Qa7+ 60.Kf1 Rd8  0-1

[Event "14th Asian Cities"]
[Site "Tagaytay City PHI"]
[Date "2004.03.25"]
[Round "7"]
[White "Purnama,T"]
[Black "Li Shilong"]
[Result "0-1"]
[WhiteElo "2289"]
[BlackElo "2522"]

1.Nf3 c5 2.e4 e6 3.d4 cxd4 4.Nxd4 a6 5.Nc3 Qc7 6.Be2 Nf6 7.a3 b5 8.O-O Bb7
9.Re1 Bc5 10.Bf1 d6 11.Nb3 Bb6 12.Bf4 e5 13.Bg5 Nbd7 14.Qd2 h6 15.Be3 Ke7
16.a4 b4 17.Nd5+ Bxd5 18.exd5 Rhc8 19.Bxb6 Nxb6 20.Qxb4 Nbxd5 21.Rxe5+ Kd8
22.Rxd5 Nxd5 23.Qh4+ Ke8 24.Nd4 Ne7 25.Re1 Kf8 26.Bd3 Re8 27.h3 Ng6 28.Rxe8+ Rxe8
29.Qg3 Qb6 30.Nf5 d5 31.b3 a5 32.Ne3 Qe6 33.Qc7 Qe5 34.Qxa5 Nf4 35.Bf1 d4
36.Qxe5 Rxe5 37.Nc4 Re1 38.g3 Nd5 39.a5 Nb4  0-1

[Event "14th Asian Cities"]
[Site "Tagaytay City PHI"]
[Date "2004.03.26"]
[Round "8"]
[White "Megaranto,S"]
[Black "Tindall,B"]
[Result "1-0"]
[WhiteElo "2458"]
[BlackElo "2286"]

1.e4 c5 2.Nf3 e6 3.d4 cxd4 4.Nxd4 a6 5.Nc3 Qc7 6.Be2 Bb4 7.O-O Nf6 8.Bf3 O-O
9.Nce2 Nc6 10.c3 Be7 11.Ng3 Ne5 12.Be2 d5 13.f4 Nc6 14.e5 Ne4 15.Nxe4 dxe4
16.Be3 Rd8 17.Qb1 b5 18.Qxe4 Nxd4 19.cxd4 Bb7 20.Qd3 Bd5 21.f5 exf5 22.Qxf5 Be6
23.Qf2 Rac8 24.Rac1 Qb7 25.Bf3 Bd5 26.a3 b4 27.axb4 Bxb4 28.h3 Ba5 29.Bxd5 Qxd5
30.Qf3 Rxc1 31.Rxc1 Qb3 32.Ra1 Qb5 33.Rf1 Qb3 34.Kh1 h6 35.Bg1 Qxf3 36.gxf3 Bb6
37.Rd1 Bc7 38.Rc1 Bb6 39.Rc4 g5 40.Kg2 a5 41.f4 gxf4 42.Kf3 Rd5 43.Kxf4 Rb5
44.Rc2 Kf8 45.Ke4 Ke7 46.Be3 Rb3 47.h4 h5 48.Rf2 Ke8 49.Rf5 Rxb2 50.Rxh5 Bd8
51.Rh8+ Kd7 52.Rh7 Ke8 53.h5 a4 54.Rh8+ Kd7 55.Rh6 a3 56.Ra6 Rh2 57.h6 a2
58.Bf4 Rh4 59.Kf5 Rh5+ 60.Kg4 Rh4+ 61.Kg3 Rh1 62.Rxa2 Ke6 63.Rh2 Rg1+ 64.Kf3 Rg8
65.h7 Rh8 66.Ke4  1-0

[Event "IV Open"]
[Site "Dos Hermanas ESP"]
[Date "2004.03.30"]
[Round "6"]
[White "Rincon Bascon,J"]
[Black "Ivanov,J"]
[Result "0-1"]
[WhiteElo "2125"]
[BlackElo "2406"]

1.e4 c5 2.Nf3 e6 3.d4 cxd4 4.Nxd4 a6 5.Nc3 b5 6.Be2 Bb7 7.a3 Qc7 8.O-O Nf6
9.Bf3 Nc6 10.Bg5 Nxd4 11.Qxd4 Bd6 12.g3 Be5 13.Qd3 Rc8 14.Rad1 Bxc3 15.bxc3 Qxc3
16.Qd6 Qc7 17.e5 Bxf3 18.exf6 gxf6 19.Bxf6 Qxd6 20.Rxd6 O-O 21.c3 Bc6 22.Rd4 h5
23.Re1 Kh7 24.Re5 Kg6 25.Rf4 Rg8 26.h4 Bd5 27.f3 d6 28.Rg5+ Kh6 29.g4 hxg4
30.fxg4 Rxg5 31.hxg5+ Kg6 32.Rf2 Rc4 33.Rh2 Rxg4+ 34.Kf2 a5 35.Be7 Rxg5 36.Bxg5 Kxg5
37.Rh8 Kf4 38.a4 Bc4 39.axb5 Bxb5 40.Rb8 Bc4 41.Ra8 Ke4 42.Rxa5 e5 43.Ra1 f5
44.Re1+ Kd5 45.Kf3 Bd3 46.Ke3 Kc4 47.Ra1 f4+ 48.Kd2 e4 49.Ra4+ Kd5 50.Ra8 Bb5
51.Rb8 Ba4 52.Rb7 Bc6 53.Rb8 Ke5 54.Rc8 Bb5 55.c4 Bd7 56.Rc7 e3+ 57.Ke1 Bg4
58.c5 f3 59.Re7+ Kd4 60.Rh7 Kxc5 61.Rh4 Be6  0-1

[Event "12th Sigeman & Co"]
[Site "Malmoe/Copenhagen SWE"]
[Date "2004.04.03"]
[Round "4"]
[White "Hector,J"]
[Black "Hansen,Cu"]
[Result "1/2-1/2"]
[WhiteElo "2512"]
[BlackElo "2635"]

1.e4 c5 2.Nf3 e6 3.d4 cxd4 4.Nxd4 a6 5.Nc3 Qc7 6.Bd3 Nf6 7.Qe2 d6 8.f4 Nc6
9.Nxc6 bxc6 10.e5 Nd5 11.Nxd5 cxd5 12.O-O Be7 13.b3 dxe5 14.fxe5 O-O 15.Bf4 Bd7
16.Rf3 Qc5+ 17.Kh1 f5 18.Bxa6 Qa3 19.Bd3 Qb2 20.Rd1 Qxa2 21.Rh3 Be8 22.Qf2 Qa5
23.c4 Bc6 24.Qe2 g6 25.Rg3 Bh4 26.Rh3 Be7 27.Rg3 Bh4 28.Rh3 Be7  1/2-1/2

[Event "10th Schloss Open"]
[Site "Werther GER"]
[Date "2004.04.04"]
[Round "5"]
[White "Zozulia,A"]
[Black "Drabke,L"]
[Result "0-1"]
[WhiteElo "2297"]
[BlackElo "2439"]

1.e4 c5 2.Nf3 e6 3.d4 cxd4 4.Nxd4 a6 5.Nc3 b5 6.Bd3 Qb6 7.Nb3 Qc7 8.O-O Bb7
9.f4 b4 10.Nb1 d6 11.c3 Nf6 12.Qe2 Nc6 13.Be3 Be7 14.a3 bxc3 15.Nxc3 O-O
16.Rac1 Rfc8 17.Kh1 Qd8 18.Na4 Nd7 19.Qh5 g6 20.Qh3 Na5 21.Rxc8 Bxc8 22.Nd2 Nc5
23.Bc2 Nxa4 24.Bxa4 Bd7 25.Bxd7 Qxd7 26.f5 Rc8 27.fxg6 fxg6 28.Rf7 h5 29.Qf3 Qe8
30.Rxe7 Qxe7 31.Qg3 Rc1+ 32.Bg1 Kh7 33.Nf3 Nc4 34.Qf4 Rb1 35.h4 Ne5 36.Nxe5 dxe5
37.Qf2 Kg7 38.b4 Ra1 39.g3 Rxa3 40.Qb2 Rd3 41.Qxe5+ Qf6 42.Qc7+ Qf7 43.Qe5+ Kh7  0-1

[Event "ch-HUN U20"]
[Site "Budapest HUN"]
[Date "2004.04.07"]
[Round "3"]
[White "Takacs,B"]
[Black "Papp,T"]
[Result "0-1"]
[WhiteElo "2069"]
[BlackElo "2112"]

1.e4 c5 2.Nf3 e6 3.d4 cxd4 4.Nxd4 a6 5.Nc3 b5 6.Bd3 Qb6 7.Nf3 Qc7 8.O-O Nf6
9.e5 b4 10.Ne2 Nd5 11.Nf4 Nb6 12.Be3 Nc6 13.Be4 Bb7 14.c3 bxc3 15.Qb3 Nc8
16.Qxc3 d5 17.Bd3 Nb6 18.Qc2 Nd7 19.Rfe1 Rc8 20.Rac1 Be7 21.Bxh7 Ndxe5 22.Nxe5 Qxe5
23.Bg6 fxg6 24.Qxg6+ Kd7 25.Bb6 Qf6 26.Qxf6 Bxf6 27.Nxe6 Ne5 28.Nc5+ Kc6
29.Nxb7+ Kxb6 30.Nd6 Rc6 31.Nf5 Rhc8 32.Rb1 Nd3 33.Red1 Rc1 34.Ne3 Rxb1 35.Rxb1 Rd8
36.Kf1 Kc5 37.b3 Kd4 38.Rd1 Kc3 39.Ke2 Nb4 40.a3 Na2 41.Rd3+ Kb2 42.Rxd5 Nc3+  0-1

[Event "Cogas Open"]
[Site "Almelo NED"]
[Date "2004.04.09"]
[Round "4"]
[White "Krueger,N"]
[Black "Arp,F"]
[Result "1/2-1/2"]
[WhiteElo "2159"]
[BlackElo "2067"]

1.e4 c5 2.Nf3 e6 3.d4 cxd4 4.Nxd4 a6 5.Nc3 Qc7 6.Be2 Nf6 7.O-O Bb4 8.Qd3 Nc6
9.Nxc6 bxc6 10.f4 d5 11.e5 Nd7 12.Qg3 O-O 13.Bd3 a5 14.Qh4 g6 15.Rf3 f5 16.a3 Bc5+
17.Kh1 Rf7 18.Ne2 Ba6 19.Bd2 Be7 20.Qe1 Bxd3 21.Rxd3 Nc5 22.Rf3 Ne4 23.Nd4 Nxd2
24.Qxd2 Qc8 25.Rc3 c5 26.a4 c4 27.Rf3 Bb4 28.c3 Bf8 29.Nb5 Qc5 30.Re1 Rg7
31.h4 Be7 32.g3 Kf7 33.Rfe3 h6 34.Nd6+ Kf8 35.Nb5 Re8 36.Qe2 Kg8  1/2-1/2

[Event "8th Neckar Open"]
[Site "Deizisau GER"]
[Date "2004.04.09"]
[Round "2"]
[White "Landa,K"]
[Black "Nuesken,N"]
[Result "1-0"]
[WhiteElo "2563"]
[BlackElo "2209"]

1.e4 c5 2.Nf3 e6 3.Nc3 a6 4.d4 cxd4 5.Nxd4 Qc7 6.Bd3 Nc6 7.Nxc6 dxc6 8.f4 e5
9.Qf3 Bd6 10.Qg3 exf4 11.Qxg7 Be5 12.Bxf4 Bxg7 13.Bxc7 Be6 14.e5 f6 15.O-O Kd7
16.Bb6 fxe5 17.Ne4 Nh6 18.Rad1 Bd5 19.Nc5+ Ke7 20.c4 Be6 21.Nxb7 Bg4 22.Rd2 Rab8
23.Bc5+ Ke6 24.Be4 Rxb7 25.Rd6+ Ke7 26.Rxh6+ Kd8 27.Rd6+ Kc8 28.Rxc6+  1-0

[Event "42nd Doeberl Cup"]
[Site "Canberra AUS"]
[Date "2004.04.10"]
[Round "4"]
[White "Canfell,G"]
[Black "Eriksson,I"]
[Result "1-0"]
[WhiteElo "2329"]
[BlackElo "2096"]

1.e4 c5 2.Nf3 e6 3.d4 cxd4 4.Nxd4 a6 5.Nc3 d6 6.Be2 Nf6 7.O-O Be7 8.f4 Qc7
9.g4 Nc6 10.Be3 Nxd4 11.Bxd4 e5 12.Be3 exf4 13.Bxf4 Be6 14.g5 Qc5+ 15.Kh1 Nd7
16.Nd5 Bxd5 17.Qxd5 Qxc2 18.Bc4 O-O 19.Rac1 Qxb2 20.Rb1 Qa3 21.Rxb7 Rad8
22.Bc1 Qh3 23.Rxf7 Kh8 24.Rxd7 Qxd7 25.Bb2 Rg8 26.Qd4 Qg4 27.Rxg7 Qf3+ 28.Kg1 Qg4+
29.Kf2 Qf4+ 30.Ke1 Qh4+ 31.Kd1 Qg4+ 32.Kc1 Qf4+ 33.Kb1 Qe5 34.Rxe7  1-0

[Event "10th WDB Easter Open"]
[Site "Essen GER"]
[Date "2004.04.11"]
[Round "8"]
[White "Podzielny,KH"]
[Black "Iounoussov,M"]
[Result "1/2-1/2"]
[WhiteElo "2479"]
[BlackElo "2105"]

1.e4 c5 2.Nf3 e6 3.d4 cxd4 4.Nxd4 a6 5.Nc3 b5 6.Bd3 d6 7.O-O Nf6 8.a4 b4
9.Na2 e5 10.Nb3 Nc6 11.Qe2 Be7 12.Bd2 Qb6 13.a5 Qb7 14.Bc4 Be6 15.Nac1 Bxc4
16.Qxc4 O-O 17.Bg5 Nxe4 18.Qxe4 Bxg5 19.Nd3 Qb5 20.Rad1 f5 21.Qe2 Nxa5 22.Nxa5 Qxa5
23.b3 e4 24.Nb2 d5 25.f3 Rae8 26.fxe4 Rxe4 27.Qd3 Be3+ 28.Kh1 Bd4 29.Na4 Qb5
30.Qh3 g6 31.Qh6 Rfe8 32.Qd2 a5 33.h3 Qb8 34.Qd3 Qe5 35.Qb5 Re2 36.Qd3 Qe4
37.Qg3 Be5 38.Qg5 Kg7 39.Nc5 h6 40.Nxe4 hxg5 41.Nxg5 Bf6 42.Nf3 Rxc2 43.Rxd5 Ra2
44.g4 fxg4 45.hxg4 Rh8+ 46.Kg1 Rh3 47.g5 Rg3+ 48.Kh1 Rh3+ 49.Kg1 Rg3+ 50.Kh1  1/2-1/2

[Event "Pobeskydi Arcimpex Cup"]
[Site "Frydek Mistek CZE"]
[Date "2004.04.11"]
[Round "7"]
[White "Cernousek,L"]
[Black "Holusova,T"]
[Result "1-0"]
[WhiteElo "2369"]
[BlackElo "2164"]

1.e4 c5 2.Nf3 e6 3.d4 cxd4 4.Nxd4 a6 5.Nc3 b5 6.Bd3 Qb6 7.Be3 Bc5 8.Be2 Bb7
9.a4 Nc6 10.a5 Nxa5 11.Rxa5 Qxa5 12.Nb3 Qd8 13.Bxc5 Ne7 14.Qd6 Nc8 15.Qg3 Rg8
16.e5 Nb6 17.Na5 Bc6 18.Nxc6 dxc6 19.Ne4 Nd5 20.O-O Kd7 21.Rd1 a5 22.Rxd5+ cxd5
23.Bxb5+ Kc7 24.Qc3 Qc8 25.Nd6  1-0

[Event "ACP Blitz Prelim2"]
[Site "playchess.com INT"]
[Date "2004.04.13"]
[Round "6"]
[White "Macieja,B"]
[Black "Kobalia,M"]
[Result "0-1"]
[WhiteElo "2633"]
[BlackElo "2630"]

1.e4 c5 2.Nc3 e6 3.Nf3 a6 4.d4 cxd4 5.Nxd4 b5 6.Bd3 Qb6 7.Nf3 Nc6 8.O-O Nge7
9.e5 Ng6 10.Qe2 Qc7 11.Re1 Bb7 12.h4 b4 13.Na4 Nge7 14.Bf4 Nd5 15.Bg3 Be7
16.Ng5 Bxg5 17.hxg5 Nce7 18.Qh5 Qc6 19.b3 Nf4 20.Qh2 Nxd3 21.cxd3 Rc8 22.f3 O-O
23.Re4 Nf5 24.Rc4 Qb5 25.Rac1 Rxc4 26.dxc4 Qc6 27.Bf2 a5 28.Rd1 Qc7 29.Qf4 Bc6
30.Nc5 Ne7 31.Bg3 a4 32.Ne4 Bxe4 33.Qxe4 axb3 34.axb3 Nc6 35.Rd6 Qa7+ 36.Kh2 Ne7
37.Qd3 Rd8 38.Bf4 Nf5 39.Qd2 Nxd6 40.Qxd6 Qb8 41.Bd2 Qxd6 42.exd6 Ra8 43.Bxb4 Rb8
44.Ba5 Rxb3 45.c5 Rb5 46.c6 Rxa5 47.c7 Rc5 48.f4 f6 49.gxf6 gxf6 50.g4 Kf7
51.Kg3 Rc3+ 52.Kf2 f5 53.g5 Kg6 54.Ke2 Kh5 55.Kd2 Rc6 56.Kd3 Rxd6+ 57.Ke3 Rc6
58.Kd4 Rxc7 59.Ke5 Kg4  0-1

[Event "ACP Blitz Prelim3"]
[Site "playchess.com INT"]
[Date "2004.04.14"]
[Round "2"]
[White "Atarov,E"]
[Black "Sharevich,A"]
[Result "1/2-1/2"]
[WhiteElo "2138"]
[BlackElo "2240"]

1.e4 c5 2.Nf3 e6 3.d4 cxd4 4.Nxd4 a6 5.Nc3 b5 6.Bd3 Qb6 7.Nb3 Qc7 8.O-O Bb7
9.f4 d6 10.Qe2 Nf6 11.a3 Nbd7 12.Be3 Be7 13.Nd4 O-O 14.g4 Nc5 15.Bf2 Nfd7
16.g5 Rfe8 17.Qh5 g6 18.Qg4 e5 19.Nf3 exf4 20.Qxf4 Ne6 21.Qg3 Ne5 22.h4 Nxf3+
23.Qxf3 Bf8 24.Nd5 Bxd5 25.exd5 Nc5 26.Bd4 Bg7 27.Bxg7 Kxg7 28.Rae1 Nxd3
29.Qxd3 Qc5+ 30.Kg2 Rac8 31.c3 Rxe1 32.Rxe1 Qc4 33.Qf3 Qxh4 34.Qf6+ Kg8 35.Re7 Qg4+
36.Kf2 Qh4+ 37.Kg2 Qg4+ 38.Kf2  1/2-1/2

[Event "ACP Blitz Prelim3"]
[Site "playchess.com INT"]
[Date "2004.04.14"]
[Round "4"]
[White "Belov,Vl"]
[Black "Landa,K"]
[Result "1-0"]
[WhiteElo "2543"]
[BlackElo "2550"]

1.e4 c5 2.Nf3 e6 3.d4 cxd4 4.Nxd4 a6 5.Nc3 Qc7 6.Bd3 Nf6 7.O-O d6 8.Qf3 Nbd7
9.Qg3 b5 10.a3 Bb7 11.Bd2 g6 12.Rae1 Bg7 13.Ndxb5 axb5 14.Nxb5 Kf8 15.Nxc7  1-0

[Event "ACP Blitz Prelim3"]
[Site "playchess.com INT"]
[Date "2004.04.14"]
[Round "11"]
[White "Zhang Zhong"]
[Black "Sharevich,A"]
[Result "1-0"]
[WhiteElo "2633"]
[BlackElo "2240"]

1.e4 c5 2.Nf3 e6 3.Nc3 a6 4.d4 cxd4 5.Nxd4 b5 6.Be2 Bb7 7.Bf3 Qc7 8.O-O d6
9.a4 b4 10.Na2 e5 11.Nb3 a5 12.c3 Nf6 13.Re1 bxc3 14.Nxc3 Nbd7 15.Nb5 Qb8
16.Qc2 Nc5 17.Nxc5 dxc5 18.Be3 Ra6 19.Rac1 Rc6 20.Qc3 Be7 21.Qxa5 O-O 22.Qc3 Ba6
23.b4 Bxb5 24.axb5 Qxb5 25.bxc5 Nd7 26.Be2 Qa4 27.Ra1 Qxe4 28.Bf3 Qg6 29.Bxc6 Qxc6
30.Rec1 f5 31.f3 f4 32.Bf2 Kh8 33.Ra7 Bf6 34.Qd3 Rd8 35.Rd1 Nf8 36.Qxd8 Bxd8
37.Rxd8 Kg8 38.Raa8 Kf7 39.Rxf8+ Kg6 40.h4 e4 41.Rac8 Qd5 42.Rfd8 Qe5 43.Rd6+ Kh5
44.fxe4 Qxe4 45.Rcd8 f3 46.Rd5+ Kh6 47.R8d6+ g6 48.Rd4 Qb1+ 49.Rd1 Qe4 50.R6d4 Qe2
51.Re1 Qc2 52.gxf3 Qf5 53.Rg4 Qxf3 54.Rg3 Qc6 55.Re5 Kg7 56.Bd4 Kf7 57.Kf2 Qa4
58.Rf3+ Kg8 59.Rf4 Qc2+ 60.Re2 Qa4 61.Re7 Qc2+ 62.Kg3 Qb3+ 63.Re3 Qb5 64.Ref3 Qe8
65.Rf8+ Qxf8 66.Rxf8+ Kxf8 67.Kf4 Ke7 68.Kg5 Ke6 69.Kh6 Kd5 70.Kxh7  1-0

[Event "ACP Blitz Prelim4"]
[Site "playchess.com INT"]
[Date "2004.04.15"]
[Round "13"]
[White "Gofshtein,Z"]
[Black "Zaitsev,M"]
[Result "0-1"]
[WhiteElo "2522"]
[BlackElo "2466"]

1.e4 c5 2.Nf3 e6 3.Nc3 a6 4.d4 cxd4 5.Nxd4 Qc7 6.Be3 Nf6 7.f3 Bb4 8.Qd2 d5
9.Bf4 e5 10.Bg3 Qe7 11.a3 exd4 12.axb4 dxc3 13.Qxc3 O-O 14.e5 d4 15.Qxd4 Nc6
16.Qc3 Nd5 17.Qd2 Rd8 18.c3 Ndxb4 19.Qf2 Nxe5  0-1

[Event "ACP Blitz Final"]
[Site "playchess.com INT"]
[Date "2004.04.17"]
[Round "4.6"]
[White "Najer,E"]
[Black "Svidler,P"]
[Result "1/2-1/2"]
[WhiteElo "2606"]
[BlackElo "2733"]

1.e4 c5 2.Nf3 e6 3.d4 cxd4 4.Nxd4 a6 5.Nc3 Qc7 6.Bd3 Bc5 7.Nf3 d6 8.O-O Nf6
9.a3 Nbd7 10.Ne2 b5 11.b4 Bb6 12.Bb2 Bb7 13.Ng3 O-O 14.Qe2 Rac8 15.a4 d5
16.axb5 dxe4 17.Nxe4 Bxe4 18.Bxe4 Nxe4 19.Qxe4 Qxc2 20.Qxc2 Rxc2 21.Bd4 axb5
22.Bxb6 Nxb6 23.Ra5 Rb2 24.Rxb5 Nd5 25.h4 Rxb4 26.Rxb4 Nxb4 27.Rd1 Nd5 28.g3 h6
29.Rd2 Ra8 30.Kg2 g6 31.Ne5 Kg7 32.Nf3 Kf6 33.Nd4 Ra3 34.Nf3 Rc3 35.Nd4  1/2-1/2